Mollier enthalpy, entropy-diagram for water, steam and ice : from 0.000 01 to 30 000 bar and from -60 to 1400 ºC /
Guardado en:
| Autor Principal: | |
|---|---|
| Otros Autores: | , |
| Formato: | Libro |
| Idioma: | English |
| Publicado: |
Zagreb, Croatia :
Tehnicka Knjiga : Hemisphere Pub.,
1976.
|
| Materias: | |
| Etiquetas: |
Agregar Etiqueta
Sin Etiquetas, Sea el primero en etiquetar este registro!
|
| LEADER | 00763nam a22001935a 4500 | ||
|---|---|---|---|
| 001 | EIQ.libpla004377 | ||
| 008 | 130418s1976####xx############000#0#eng#d | ||
| 005 | 20130418160244.0 | ||
| 245 | 1 | 0 | |a Mollier enthalpy, entropy-diagram for water, steam and ice : |b from 0.000 01 to 30 000 bar and from -60 to 1400 ºC / |c Bosnjakovic, U. Renz, P. Burow. |
| 260 | |a Zagreb, Croatia : |b Tehnicka Knjiga : |b Hemisphere Pub., |c 1976. | ||
| 300 | |a Sin paginación ; |c 25.4 x 20.3 x 5.1 : |b Diagrama plegado. | ||
| 020 | |a 0891160256 | ||
| 100 | 1 | |a Bosnjakovic, F. | |
| 700 | 1 | |a Renz, U. | |
| 700 | 1 | |a Burow, P. | |
| 082 | 0 | 4 | |a 541.363 |2 21 |
| 650 | 7 | |a Mollier enthalpy |x Entropy diagram | |
| 650 | 7 | |a Entalpía Mollier |x Diagrama de entropía | |
| 859 | |a AR-BbSID |b BIB. PLAPIQUI |h 541.363 |i B65 |k R |p 3689 | ||
